Normal view
MARC view
- اللياقة البدنية -اختبارات-التربية البدنية-قياس
Entry Topical Term
001 - CONTROL NUMBER
- control field: 20951
003 - CONTROL NUMBER IDENTIFIER
- control field: JO-AjAnu
005 - DATE AND TIME OF LATEST TRANSACTION
- control field: 20230606073633.0
008 - FIXED-LENGTH DATA ELEMENTS
- fixed length control field: 230606|| aca||aabn | a|a d
040 ## - CATALOGING SOURCE
- Original cataloging agency: JO-AjAnu
- Transcribing agency: JO-AjAnu
150 ## - HEADING--TOPICAL TERM
- Topical term or geographic name entry element: اللياقة البدنية -اختبارات-التربية البدنية-قياس
670 ## - SOURCE DATA FOUND
- Source citation: Work cat.: (JO-AjAnu)10764: حسانين، محمد صبحي, author 20950, طرق بناء وتقنين الاختبارات والمقاييس في التربية البدنية : الطرق العاملية